| 000 | 00727aam a2200277 4500 | ||
|---|---|---|---|
| 005 | 20250811152556.0 | ||
| 008 | 150224b xxu||||| |||| 00| 0 eng d | ||
| 020 | _a9789977239002 | ||
| 041 | _aESP | ||
| 082 | _aCR 861.44 A696al | ||
| 100 |
_aArias Uva, Minor _911922 |
||
| 245 | _aAlgunas ranas de salto quíntuple | ||
| 260 | _aCosta Rica | ||
| 260 | _bEditorial Costa Rica | ||
| 260 | _c2008 | ||
| 300 | _a190 páginas | ||
| 300 | _bIlustraciones a color | ||
| 490 | _aTEMÁTICA GENERAL | ||
| 650 | _aTEMÁTICA GENERAL | ||
| 650 | _aPOESÍA INFANTIL | ||
| 650 | _aPOESÍA COSTARRICENSE | ||
| 650 | _aLITERATURA INFANTIL | ||
| 650 | _aLITERATURA COSTARRICENSE | ||
| 650 | _aCOSTA RICA | ||
| 942 |
_cLIT _2ddc |
||
| 999 |
_c841 _d841 |
||